Role of Women Entrepreneurs in Socio-economic development in Urban economy : (Record no. 38476)
[ view plain ]
| 000 -LEADER | |
|---|---|
| fixed length control field | 00613nam a22001577a 4500 |
| 082 ## - DEWEY DECIMAL CLASSIFICATION NUMBER | |
| Classification number | RR.0347 |
| 100 ## - MAIN ENTRY--AUTHOR NAME | |
| Personal name | Rana, Rachita. |
| Affiliation | Department of Management Studies, GGSIP University New Delhi |
| Place | Delhi. |
| 245 ## - TITLE STATEMENT | |
| Title | Role of Women Entrepreneurs in Socio-economic development in Urban economy : |
| Sub Title | an empirical study / |
| Statement of responsibility, etc | Rachita, Rana. |
| 260 ## - PUBLICATION, DISTRIBUTION, ETC. (IMPRINT) | |
| Place of publication | Delhi: |
| Name of publisher/Sponsor | Indian council of social science research, |
| 300 ## - PHYSICAL DESCRIPTION | |
| Number of Pages | 253p. |
| 500 ## - GENERAL NOTE | |
| General note | Includes Bibliography and appendices. |
| 536 ## - FUNDING INFORMATION NOTE | |
| Funding Agency | Indian council of social science research |
| 546 ## - LANGUAGE NOTE | |
| Language note | English |
| 650 ## - SUBJECT ADDED ENTRY--TOPICAL TERM | |
| Topical Term | Women empowerment |
| General subdivision | Economics |
| Geographic subdivision | India |
| 942 ## - ADDED ENTRY ELEMENTS (KOHA) | |
| Source of classification or shelving scheme | Dewey Decimal Classification |
| Koha item type | Research Reports |
| Withdrawn status | Lost status | Damaged status | Not for loan | Collection code | Home library | Current library | Date acquired | Source of acquisition | Full call number | Accession Number | Price effective from | Koha item type |
|---|---|---|---|---|---|---|---|---|---|---|---|---|
| Not For Loan | Major Research Project Reports | NASSDOC Library | NASSDOC Library | 19/06/2023 | Research Report Division | RR.0347 | 53761 | 19/06/2023 | Research Reports |
